निसर्ग बोलतोय: पक्षी आणि सृष्टीबद्दलची विज्ञान प्रश्नोत्तरे (भाग १ ला) (Record no. 494774)

MARC details
000 -LEADER
fixed length control field 00725nam a22001817a 4500
003 - CONTROL NUMBER IDENTIFIER
control field OSt
005 - DATE AND TIME OF LATEST TRANSACTION
control field 20120302151526.0
008 - FIXED-LENGTH DATA ELEMENTS--GENERAL INFORMATION
fixed length control field 091112t xxu||||| |||| 00| 0 eng d
035 ## - SYSTEM CONTROL NUMBER
System control number १६०८३
040 ## - CATALOGING SOURCE
Transcribing agency मराठी
100 ## - MAIN ENTRY--PERSONAL NAME
Personal name दाते, हेमंत
9 (RLIN) 10046
222 ## - KEY TITLE
Key title पक्षी/ विज्ञान प्रश्नोत्तरे
245 ## - TITLE STATEMENT
Title निसर्ग बोलतोय: पक्षी आणि सृष्टीबद्दलची विज्ञान प्रश्नोत्तरे (भाग १ ला)
250 ## - EDITION STATEMENT
Edition statement १ ली
260 ## - PUBLICATION, DISTRIBUTION, ETC. (IMPRINT)
Place of publication, distribution, etc ठाणे
Name of publisher, distributor, etc फुलराणी
Date of publication, distribution, etc १९९६
300 ## - PHYSICAL DESCRIPTION
Other physical details ५६ पाने
942 ## - ADDED ENTRY ELEMENTS (KOHA)
Source of classification or shelving scheme Dewey Decimal Classification
Koha item type Book
Holdings
Withdrawn status Lost status Source of classification or shelving scheme Damaged status Not for loan Home library Current library Date acquired Cost, normal purchase price Total Checkouts Full call number Barcode Date last seen Price effective from
    Dewey Decimal Classification     Dr. Bedekar Vidya Mandir Library Dr. Bedekar Vidya Mandir Library 11/12/2009 0.00   M598.072 34/DAT 16083 03/19/2010 03/19/2010